000 00401nam a22001697a 4500
005 20160611103529.0
008 160611b xxu||||| |||| 00| 0 eng d
020 _a978-0-07014680-8
041 _aeng
082 _b6787
100 _aLesikar, Raymond V. Others
_91682
245 _aBusiness Communication
260 _aNew Delhi
_bTMH.
300 _a666
650 _aManagement
_9241
942 _cBK
999 _c2372
_d2371